000 00843nas a2200289 4500
001 BR2013003800
003 BR-BrBNA
005 20231205122332.0
007 ta
008 230509b bl.|||p| |||| 00| 00por d
040 _aBR-BrBNA
_bpor
_cBiblioteca Nacional de Agricultura
041 _a(En)
072 _aF01; F30
100 1 _aSilva, P.S.L. e
100 1 _aFirmino, J.D. da C.
100 1 _aSantos, V.G. dos
100 1 _aBarros, A.K. de A.
245 1 _aSample size for estimation of some melon traits
650 _aMELÃO
650 _aTAMANHO
650 _aAMOSTRAGEM
650 _aMÉTODO ESTATÍSTICO
650 _aCARACTERÍSTICAS AGRONÔMICAS
773 0 _tCaatinga (Brazil)
_xISSN 0100-316X
_g(Oct-Dez 2005), v. 18(4) p. 226-231
_wBR2013003800
909 _a202311
_bLúcia
_c55
_dLúcia Elande
942 _2AGRIS
_n0
_cANA
999 _c228131
_d228131